| 000 | 004030000a22001690004500 | ||
|---|---|---|---|
| 003 | LK-CoMWRAF | ||
| 008 | 230817t ||||| |||| 00| 0 eng d | ||
| 040 |
_aLK-CoMWRAF _dLK-CoMWRAF _eLK-CoMWRAF |
||
| 041 | _aeng | ||
| 082 |
_a460 _bINT |
||
| 245 |
_aThe International Covenants on Human Rights _b |
||
| 260 |
_bColombo _pSLFI _c |
||
| 300 | _ap.35 | ||
| 650 | _aSinhala | ||
| 650 | _aTamil | ||
| 942 | _cBK | ||
| 999 |
_c216 _d216 |
||